| 000 | 00374 a2200133 4500 | ||
|---|---|---|---|
| 001 | 93018 | ||
| 082 | _aPR 2374 | ||
| 090 |
_c44655 _d44656 |
||
| 100 | _aAli, Prof Asad Ikram (Advisor) | ||
| 245 |
_aTo Study the Development of Proximity Sensor for Electronic Timer Fuse _n60'B' EC |
||
| 260 |
_aIslamabad _bNUST _c2005 |
||
| 300 | _aviii,124p. | ||
| 500 | _aBE Project Report | ||
| 942 |
_aCAE NUST _kPR 2374 |
||
| 999 |
_c328091 _d328091 |
||